Scarlet-Themed Trivia Quiz Stats

 Plays Quiz Updated Nov 3, 2017

Also try: Aqua-Themed Trivia
Challenge
Share
Tweet
Embed
Score 0/15 Timer 04:00
6 Plays Today
Question Answer % Correct
Rolling first, Miss Scarlet is a suspect in what board game?Clue
97.7%
Per Lutheranism, scarlet is the color for Palm Sunday, which falls 1 week before what holiday?Easter
92.9%
In what country would you find 'the Mounties' wearing a scarlet Red Serge?Canada
90.4%
Scarlet is known as 'scarlatum' in what classical language?Latin
90.1%
Will Scarlett is a member of what English outlaw's Merry Men?Robin Hood
87.4%
Actress Scarlett Johansson has hosted what sketch comedy series five times?Saturday Night Live
82.8%
Which member of the Beatles picked scarlet as the color of his Sgt. Pepper uniform?George Harrison
80.2%
What senior, Catholic ecclesiastical leaders wear scarlet robes?cardinals
77.2%
Question Answer % Correct
Sandra Bullock voiced Scarlet Overkill, a character in what 'Despicable Me' sequel?Minions
66.5%
What scientific discovery in the 1900s has significantly reduced mortality for scarlet fever?penicillin
61.7%
What toy company debuted Scarlett as an original member of the G.I. Joe Team in 1982?Hasbro
60.9%
What actress won an Oscar portraying Scarlett O'Hara in 'Gone with the Wind'?Vivien Leigh
58.4%
The novel 'The Scarlet Pimpernel' is set during the Reign of Terror after the start of what conflict?French Revolution
55.7%
In 'Little Women', which March sister develops scarlet fever, permanently weakening her health?Beth
52.6%
The Scarlet Knights represent what New Jersey-based Big Ten Conference school?Rutgers University
44.3%

You're not logged in!

Compare scores with friends on all Sporcle quizzes.
OR
Log In

You Might Also Like...

Show Comments

Extras

Top Quizzes Today


Score Distribution

Your Account Isn't Verified!

In order to create a playlist on Sporcle, you need to verify the email address you used during registration. Go to your Sporcle Settings to finish the process.

Report this User

Report this user for behavior that violates our Community Guidelines.

Details: